Classement historique ballon d'or - Statistiques

Statistiques générales
  • Ce quiz a été pris 570 fois
  • Le résultat moyen est 10 sur 15
Statistiques - réponses
Points Pays Joueur % Correct
44 Portugal Cristiano Ronaldo
100%
46 Argentine Lionel Messi
100%
14 Brésil Ronaldo
99%
17 France Michel Platini
88%
16 Pays-Bas Johan Cruyff
80%
10 Allemagne Gerd Müller
70%
15 Pays-Bas Marco Van Basten
69%
11 Portugal Eusébio
65%
17 Allemagne Franz Beckenbauer
63%
13 Espagne/ Argentine Alfredo Di Stéfano
56%
10 France Raymond Kopa
52%
11 Angleterre Bobby Charlton
44%
12 Espagne Luis Suárez
23%
13 Allemagne Karl-Heinz Rummenigge
22%
13 Angleterre Kevin Keegan
18%
Aucun quiz correspondant
Distribution des résultats
% des personnes avec chaque résultat
Percentile par nombre de réponses
Votre historique - résultats
Vous n’avez pas pris ce quiz